| 000 | 00919nam a22002657a 4500 | ||
|---|---|---|---|
| 001 | 4235 | ||
| 003 | FISKH | ||
| 005 | 20250207095725.0 | ||
| 008 | 240705b cb ||||| |||| 00| 0 eng d | ||
| 020 | _a9780545081764 | ||
| 040 |
_aFISKH _beng _cFISKH _dFISKH |
||
| 050 | _aPZ7.S65766 | ||
| 082 | _a813.6 | ||
| 100 | _aSmith, Roland | ||
| 245 |
_aStorm runners III eruption / _cRoland Smith |
||
| 260 |
_aNew York : _bScholastic, _c2012. |
||
| 300 |
_a156 pages : _c20 cm |
||
| 505 | _aN | ||
| 520 | _aTwelve-year-old Chase and his friend Nicole Rossi attempt to rescue the Rossi Brothers' Circus--lions, tigers, elephants, and all--in Mexico, where a massive earthquake has struck, leading to the imminent eruption of a volcano. | ||
| 521 | 8 |
_a590
_bLexile |
|
| 521 | 8 |
_aN
_bRaz-Plus |
|
| 650 |
_aAdventure _vRealistic Fiction _xAction _yStorm Chasers |
||
| 942 |
_2ddc _cBK _n0 |
||
| 999 |
_c4235 _d4235 |
||